Journal of Comparative Politics

Salvato in:
Dettagli Bibliografici
Natura: Periodico
Lingua:inglese
Pubblicazione: Ljubljana CAAPPI – Centre for the Analysis of Administrative-Political Processes and Institutions
Tags: Aggiungi Tag
Nessun Tag, puoi essere il primo ad aggiungerne!!

MARC

LEADER 00000nas1a2200000 4500
001 0269122
005 20250701092126.0
022 |a 1338-1385 
022 |a 1337-7477 
041 0 |a eng 
044 |a SI 
245 1 0 |a Journal of Comparative Politics 
264 1 |a Ljubljana  |b CAAPPI – Centre for the Analysis of Administrative-Political Processes and Institutions